MARC

LEADER 00000nas a2200000 i 4500
001 ssj0000393907
003 WaSeSS
005 20200512172242.0
006 m d
007 cr n
008 100810c197u9999xv qr p s o 0 0slvoc
010 |a  2017238295 
022 |a 0351-4285  |l 0351-4285  |y 0351-4285 
035 |a (WaSeSS)ssj0000393907 
040 |a OCLCE  |b eng  |c OCLCE  |d OCLCQ  |d OCLCO  |d OCLCQ  |d OCLCF  |d OCLCO  |d OCLCQ  |d UAB  |d IUL  |d AU@  |d VT2  |d WaSeSS 
041 0 |a slv  |b eng  |b fre  |b ger 
042 |a pcc 
043 |a e-yu--- 
050 4 |a AP58.S55  |b C34 
050 4 |a HX8  |b .C376x 
245 0 0 |a Časopis za kritiko znanosti  |h [electronic resource]. 
246 1 |a Časopis za kritiko znanosti, domišljijo in novo antropologijo 
246 1 |a ČKZ 
260 |a Ljubljana :  |b Beletrina Academic Press (Studentska založba) 
310 |a Quarterly 
362 1 |a Began in 1970s. 
500 |a Issues have also individual title. 
506 |a License restrictions may limit access. 
546 |a Text in Slovenian; summaries in English, French, and German. 
550 |a Issued by: Zveza socialistične mladine Slovenije, <1982->; Študentska organizacija Univerze v Ljubljani, <1991-> 
588 0 |a Description based on: številka 246 (4/4/2011); title from PDF cover image (publisher's journal web site, viewed June 22, 2017). 
588 |a Latest issue consulted: številka 261 (3/4/2015) (viewed June 22, 2017). 
650 0 |a Social sciences  |v Periodicals. 
650 0 |a History  |v Periodicals. 
650 0 |a Anthropology  |v Periodicals. 
650 0 |a Political science  |v Periodicals. 
650 7 |a Anthropology.  |2 fast  |0 (OCoLC)fst00810196 
650 7 |a History.  |2 fast  |0 (OCoLC)fst00958235 
650 7 |a Political science.  |2 fast  |0 (OCoLC)fst01069781 
650 7 |a Social sciences.  |2 fast  |0 (OCoLC)fst01122877 
655 0 |a Electronic journals. 
710 2 |a Zveza socialistične mladine Slovenije. 
710 2 |a Univerza v Ljubljani.  |b Študentska organizacija. 
776 0 8 |i Print edition:  |t Časopis za kritiko znanosti  |x 0351-4285  |w (DLC) 95647339  |w (OCoLC)19951855 
856 4 0 |z Full text available from Research Library: 01/01/2009 to 12/31/2017  |u https://search.proquest.com/publication/237824 
856 4 0 |z Full text available from Research Library: 01/01/2019 to present  |u https://search.proquest.com/publication/237824